00470nam a2200181 a 4500001001300000003000900013005001700022008004100039020001000080082001600090100002000106245003500126260003500161300000800196500003500204650002900239700002000268nice12345678IN_TiNIC20260116013015.0070918s0000 paka grp 000 0 eng  ac10000a297.4bIQB3 aIqbal, Mohammad aSources of Iqbal`s Perfect Man aPakistan bNo Publisher c0000 a88p aincludes index and biblioraphy aPhilosophy-Islamic-Iqbal1 aIqbal, Mohammad